LEADER 01099nam a2200205 i 4500 001 000000204865 003 CaOOAMICUS 005 20110808000000.0 008 110808s1566 xx u000 u lat u 013 $a183593 040 $aSeMil$bita 245 10$aIn Cantica Canticorum, de Incarnatione Domini, commentariorum libri VII. 260 $aColonia :$bapudm haer. Arnoldi Birckmanni,$c1566. 300 $a19,5 x 31 ;$cpp. 82 ;$crom. 500 $aE' legato con : idem, In XII Prophetas minores ... (v.). - Descrizione da : Incunaboli e Cinquecentine della Biblioteca del Seminario di Milano / catalogo a cura di Ubaldo Valentini, Milano 1981. - Numero di catalogo : 1391. 700 0 $aRupertus : Tuitiensis ,$c.$0(OLS)http://semarc/name/3583 850 $aSeMil 852 $aSeMil$W1$xVenegono$y1$mFV.C II 17/2$j155359$B155359$CSeMilBibl$Z2$F166424 $86 996 $6245$aIn Cantica Canticorum, de Incarnatione Domini, commentariorum libri VII$9(OLS)http://semarc/title/296732 996 $6260$aColonia :$bapudm haer. Arnoldi Birckmanni$9(OLS)http://semarc/publisher/51977 LEADER 01563nam a2200289 i 4500 001 000000002049 003 CaOOAMICUS 005 20250311103528.0 008 180830s1819 gw u000 u grc u 040 $aSeMil$bita 041 0 $agrc$alat 100 1 $aSchleusner, Johann Friedrich.$0(OLS)http://semarc/name/1805 245 10$aNovum lexicon Graeco-Latinum in Novum Testamentum. Congessit et variis observationibus philologicis illustravit Io. Frieder. Schleusner, ... Tomus 1. [-2.]. 250 $aEditio quarta emendatior et auctior 264 1$aLipsiae :$bIn Libraria Weidmannia : impressit Benedict Gotthilf Teubner,$c1819. 300 $a2 v. (in 4 tomi) ;$c4°. 650 4$aLingua greca biblica - Dizionari, vocabolari, glossari, etc.$0(OLS)http://semarc/subject/662 650 4$aLingua latina biblica - Dizionari, vocabolari, glossari, etc.$0(OLS)http://semarc/subject/663 700 1 $aTeubner, Benedikt Gotthelf,$c.$0(OLS)http://semarc/name/1806 710 2 $aWeidmann .$0(OLS)http://semarc/name/1807 774 0 $tTomus 1.$g1$w()228991 774 0 $tTomi 1. Pars 2.$g1$w()228993 774 0 $tTomus 2.$g2$w()228992 774 0 $tTomi 2. Pars 2.$g2$w()228994 996 $6245$aNovum lexicon Graeco-Latinum in Novum Testamentum. Congessit et variis observationibus philologicis illustravit Io. Frieder. Schleusner, ... Tomus 1. [-2.]$9(OLS)http://semarc/title/3387 996 $6264$aLipsiae :$bIn Libraria Weidmannia : impressit Benedict Gotthilf Teubner$9(OLS)http://semarc/publisher/30521